Market for rubber products in Western Europe. Statistical tables. Sec 2. General rubber goods (Record no. 38409)

MARC details
000 -LEADER
fixed length control field 00366nam a2200121Ia 4500
082 ## - DEWEY DECIMAL CLASSIFICATION NUMBER
Classification number 678.06:339.1(4)
Item number JAC.2
245 #0 - TITLE STATEMENT
Title Market for rubber products in Western Europe. Statistical tables. Sec 2. General rubber goods
260 ## - PUBLICATION, DISTRIBUTION, ETC. (IMPRINT)
Place of publication England
Name of publisher Rapra
Year of publication 1984
505 ## - FORMATTED CONTENTS NOTE
Formatted contents note set price
700 ## - ADDED ENTRY--PERSONAL NAME
Personal name Jackson, N
942 ## - ADDED ENTRY ELEMENTS (KOHA)
Koha item type Books
Holdings
Withdrawn status Lost status Damaged status Not for loan Home library Current library Date acquired Cost, normal purchase price Full call number Accession Number Koha item type
        RRII Library RRII Library 16/12/2021 7722.25 678.06:339.1(4) JAC.2 18768 Books